000 01058cam a2200241 4500
001 WB3830-19
008 020813n2002 000 0 eng u
035 _a(Sirsi) u119308
245 _aKey review issues
260 _c2002
490 _aPlanning (for the Natural and Built Environment)
_v(1481) 9 August 2002, (1)
520 _aReview of regional planning guidance (RPG) for the North East will focus on the key issues of housing, transport and economic policies. The review which is not likely to suggest any fundamental changes to national and regional policy, will provide more focused guidance in the context of changes to national and regional policy. The RPG1 Report is available from Colin Blackburn: t +44(0)191 261 7388.
590 _aWB
650 _aRPG 1
650 _aNORTH EAST ASSEMBLY
650 _aHOUSING POLICY
650 _aTRANSPORT
650 _aECONOMIC DEVELOPMENT
650 _aREGIONAL POLICY
650 _aPLANNING GUIDANCE
690 _aENVIRONMENTAL AND LAND CONSULTANCY-PLANNING AND DEVELOPMENT
942 _n0
999 _c70932
_d70932